| 000 | 01024cam a2200241 4500 | ||
|---|---|---|---|
| 020 | _a2110848073 | ||
| 040 | _cDLC | ||
| 082 | _a639 JAM 1974 C284 Or. | ||
| 245 | 0 | 0 |
_aOcéanographie appliquée aux pêches, _bManuel d'instruction et de perfectionnement des agents des services des pêches maritimes des pays tropicaux |
| 260 |
_aParis, _bSociété centrale pour l'équipement du territoire-international, _cc1974. |
||
| 300 |
_a447 p., _bill., _c24 cm. |
||
| 490 | 0 | _aManuel d'instruction et de perfectionnement des agents des services des pêches maritimes des pays tropicaux ; | |
| 500 | _aAt head of title: République française, Ministère de la coopération, Direction de l'aide au développement. | ||
| 650 | 0 | _aMarine biology | |
| 650 | 0 | _aOceanography | |
| 650 | 0 | _aMarine resources | |
| 700 | 1 | _aJamet, J. | |
| 700 | 1 | _aLagoin, Y. | |
| 700 | 1 | _aMoal, Roland A. | |
| 710 | 1 | _aFrance. | |
| 710 | 2 | _aSociété centrale pour l'équipement du territoire international. [from old catalog] | |
| 942 | _cAEDBB | ||
| 999 |
_c22448 _d22448 |
||